00574nam a2200169 i 450000100060000000300090000600500170001500700030003200800410003510000320007624500610010826000520016930000220022185200220024399900170026595201220028238002ES-MaACL20230906155658.0t|030224s1963 cu ||||1| gao d1 aCabanillas, Ramón.93314610aNo desterro b: visious gallegas / cRamón Cabanillas. aHabana : b[s.n., c1963] (fImp. La Universal) a188 p. ; c22 cm. aES-MaACLjG-2684  c38002d38002 00104070aATENEOMbATENEOMcDEPO2d2008-01-17eDONl0oG-2684p1040012r2023-02-23 00:00:00w2023-02-23yMONOGRAFIA